Českí hudobníci a hudobné vysielanie rozhlasu na Slovensku

Bibliographic Details
Main Author: Vajdička, Ľudovít M., 1936- (Author)
Format: Article
Language:Slovak
PhysicalDescription:Lit. 30 zázn. v slov., čes.
Subjects:

MARC

LEADER 00000nab a2200000 a 4500
001 vtls000388042
003 SK-MaSNL
005 20260304040547.0
008 160205c1989 xo 0 slo
015 |a SNBRA19rr/mm-uuuuu 
035 |a CL0388166 
040 |a SNKBUCL  |b slo  |c SNKBUCL  |e AACR2 
041 0 |a slo 
044 |a xo  |c SK 
080 |a 7.096:78  |2 1981 
080 |a 78(437.1/.2)  |2 1981 
100 1 |a Vajdička, Ľudovít M.,  |d 1936-  |4 aut  |9 106738 
245 1 0 |a Českí hudobníci a hudobné vysielanie rozhlasu na Slovensku  |c Ľudovít M. Vajdička 
300 |b Lit. 30 zázn. v slov., čes. 
610 2 7 |a Československý rozhlas (Bratislava, Slovensko)  |2 SNK  |9 124169 
610 2 7 |a Radiojournal (Praha, Česko)  |2 SNK  |9 208242 
610 2 7 |a Československý rozhlas (Bratislava, Slovensko)  |2 SNKKA  |9 124169 
648 7 |a 1926-1939  |2 SNK  |9 357562 
650 0 7 |a hudobníci  |2 SNKPH  |9 3189 
651 7 |a Česko  |2 SNKPHgeo  |9 16753 
655 7 |a články zo zborníkov  |2 SNK  |9 166140 
773 0 |t Podiel českej hudby na rozvoji slovenskej hudobnej kultúry  |d Bratislava : SOU polygrafie, 1989 
850 |a Slovenská národná knižnica v Martine  |a MTA001 
852 |a SNK  |b KIS3GCP 
958 |a NB 
958 |a RK 
958 |a CZ 
992 |a RZB 
999 |c 2663887  |d 2665817